| 000 | 01023nam a2200253 a 4500 | ||
|---|---|---|---|
| 001 | BRCA_7051 | ||
| 005 | 20190320205707.0 | ||
| 008 | 011211s2008----sp-a######---#000-0#spa-# | ||
| 020 | _a9788497734288 | ||
| 041 | _aspa | ||
| 044 | _asp | ||
| 050 | 4 |
_aNK7215 _b.F35 2008 |
|
| 100 | 1 |
_aFajardo de Rueda, Marta _917526 |
|
| 245 | 1 | 0 |
_aOribes y plateros en la Nueva Granada _cMarta Fajardo de Rueda. |
| 260 |
_a[León], España _bUniversidad de León, Secretariado de Publicaciones _c2008 |
||
| 300 |
_a389 p. _bil. (algunas a color), mapas _c30 cm. |
||
| 500 | _aDonación de María Sánchez | ||
| 500 | _aIncluye Diccionario Bibliográfico Documental de Oribes y Plateros activos en el Nuevo Reino de Granada, Siglos XVI, XVII, XVIII y XIX e índice referencial | ||
| 504 | _aBibliografía: p. 367-376 | ||
| 650 | 1 | 4 |
_aOrfebrería _xHistoria _ySiglo XV-XIX _zColombia _917527 |
| 650 | 1 | 4 |
_aOrfebres _xHistoria _ySiglo XV-XIX _917528 |
| 710 | 2 |
_aUniversidad de León. Secretariado de Publicaciones. _917529 |
|
| 942 |
_2lcc _cB |
||
| 999 |
_c6732 _d6732 |
||